Pays d'Asie selon le Pib par habitant - Statistiques

Statistiques générales
  • Ce quiz a été pris 67 fois
  • Le résultat moyen est 9 sur 49
Statistiques - réponses
Classement Pays % Correct
1 Qatar
91%
2 Singapour
82%
6 Corée du Sud
59%
5 Japon
59%
3 Israel
53%
4 Emirats Arabes Unis
50%
7 Koweit
44%
8 Brunei
38%
11 Bahrein
26%
49 Afghanistan
24%
12 Arabie Saoudite
24%
10 Taiwan
24%
45 Népal
15%
13 Oman
15%
46 Syrie
15%
15 Turquie
15%
31 Bhoutan
12%
48 Corée du Nord
12%
29 Indonésie
12%
39 Pakistan
12%
27 Arménie
9%
26 Azerbaidjan
9%
19 Chine
9%
9 Chypre
9%
37 Inde
9%
22 Iran
9%
18 Kazakhstan
9%
16 Malaisie
9%
20 Thailande
9%
35 Vietnam
9%
44 Yemen
9%
40 Bangladesh
6%
28 Géorgie
6%
23 Irak
6%
24 Jordanie
6%
17 Liban
6%
14 Maldives
6%
30 Mongolie
6%
38 Ouzbekistan
6%
32 Philippines
6%
41 Cambodge
3%
43 Kirghizistan
3%
34 Laos
3%
42 Myanmar
3%
25 Sri Lanka
3%
47 Tadjikistan
3%
21 Turkmenistan
3%
33 Palestine
0%
36 Timor Oriental
0%
Aucun quiz correspondant
Distribution des résultats
% des personnes avec chaque résultat
Percentile par nombre de réponses
Votre historique - résultats
Vous n’avez pas pris ce quiz